000 00717cam a22002293a 4500
001 19807
003 PGUSA
005 20140828083423.0
008 061114s2006||||xxu|||||s|||||000 | eng d
040 _aPGUSA
_beng
042 _adc
050 4 _aPM
100 1 _aSummerfield, John
245 1 0 _aSketch of Grammar of the Chippeway Languages :
_bTo Which is Added a Vocabulary of some of the Most Common Words
_h[electronic resource] /
_cJohn Summerfield
260 _bProject Gutenberg,
_c2006
506 _aPublic domain in the USA.
516 _aElectronic text
653 _aOjibwa language -- Grammar
830 0 _aProject Gutenberg
_v19807
856 4 0 _uhttp://www.gutenberg.org/ebooks/19807
942 _cEB
999 _c249062
_d249062